Länder mit S - Statistiken

Allgemein
  • Dieses Quiz wurde 2.016 mal gespielt
  • Das Durchschnittsergebnis liegt bei 22 aus 29
Antwortstatistiken
Land % Korrekt
7 Schweden
96%
8 Schweiz
86%
23 Sudan
86%
10 Serbien
85%
15 Slowakei
84%
16 Slowenien
84%
18 Spanien
84%
26 Südsudan
83%
2 Sambia
82%
25 Südkorea
82%
9 Senegal
81%
17 Somalia
81%
24 Südafrika
80%
13 Simbabwe
79%
29 Syrien
76%
11 Seychellen
75%
6 Saudi-Arabien
74%
14 Singapur
74%
3 Samoa
71%
4 San Marino
71%
19 Sri Lanka
70%
27 Suriname
69%
21 St. Lucia
67%
20 St. Kitts and Nevis
66%
1 Salomonen
65%
22 St, Vincent und die Grenadinen
63%
5 São Tomé und Príncipe
60%
12 Sierra Leone
59%
28 Swasiland
54%
Keine übereinstimmenden Quizze gefunden
Verteilung der Resultate
Anzahl Personen mit jedem Resultat
Perzentil nach korrekt beantworteten Fragen
Ihre Resultats-Entwicklung
Sie haben dieses Quiz noch nicht gespielt